Midsummer sadness (Record no. 82442)
[ view plain ]
| 000 -LEADER | |
|---|---|
| fixed length control field | 01138cam a22002055a 4500 |
| 001 - CONTROL NUMBER | |
| control field | L150292 |
| 008 - FIXED-LENGTH DATA ELEMENTS--GENERAL INFORMATION | |
| fixed length control field | 100623e2010 xxk 000 0 eng d |
| 035 ## - SYSTEM CONTROL NUMBER | |
| System control number | (Sirsi) u150292 |
| 041 0# - LANGUAGE CODE | |
| Language code of text/sound track or separate title | eng |
| 100 1# - MAIN ENTRY--PERSONAL NAME | |
| Personal name | Thomas, Daniel |
| 245 00 - TITLE STATEMENT | |
| Title | Midsummer sadness |
| 260 ## - PUBLICATION, DISTRIBUTION, ETC. | |
| Date of publication, distribution, etc. | 2010 |
| 490 #0 - SERIES STATEMENT | |
| Series statement | Property Week |
| Volume/sequential designation | 76(24)18 June 2010, 32-35(4) |
| 520 ## - SUMMARY, ETC. | |
| Summary, etc. | Colliers International's 2010 Midsummer Retail Report is the most positive since the property crash but has concerns about future growth in many areas of the market. The owners of the strongest retail outlets particularly in Central London have had a good recession and are recovering very well but weaker market areas are hindered by a glut of unwanted secondhand space. Only 25% of the 420 monitored centres showed a fall in prime rents between June 2009 and June 2010. Colliers are broadly optimistic about the next few years projecting 10.8% total returns to the retail sector in 2010. |
| 590 ## - LOCAL NOTE (RLIN) | |
| Local note | KA |
| 651 #4 - SUBJECT ADDED ENTRY--GEOGRAPHIC NAME | |
| Geographic name | United Kingdom |
| Chronological subdivision | |
| 690 ## - LOCAL SUBJECT ADDED ENTRY--TOPICAL TERM (OCLC, RLIN) | |
| Topical term or geographic name as entry element | PROPERTY-COMMERCIAL PROPERTY-COMMERCIAL PROPERTY MARKET |
| 690 ## - LOCAL SUBJECT ADDED ENTRY--TOPICAL TERM (OCLC, RLIN) | |
| Topical term or geographic name as entry element | PROPERTY-COMMERCIAL PROPERTY-RETAIL PROPERTY |
| 942 ## - ADDED ENTRY ELEMENTS (KOHA) | |
| Suppress in OPAC | 0 |
| Withdrawn status | Lost status | Source of classification or shelving scheme | Damaged status | Not for loan | Home library | Current library | Shelving location | Date acquired | Total Checkouts | Full call number | Barcode | Date last seen | Copy number | Price effective from | Koha item type |
|---|---|---|---|---|---|---|---|---|---|---|---|---|---|---|---|
| Dewey Decimal Classification | London | London | Journal article | 23/06/2010 | L150292 | 150292-1001 | 06/08/2019 | 1 | 06/08/2019 | Journal article |